| 000 | 00622nam a22001815i 4500 | ||
|---|---|---|---|
| 001 | 54495 | ||
| 003 | ES-MaACL | ||
| 005 | 20230906162949.0 | ||
| 007 | t| | ||
| 008 | 960725s1862 fr ||||1| fre d | ||
| 040 |
_aCAM _bspa _cCAM |
||
| 100 | 1 |
_aFournier, Charles. _951975 |
|
| 245 | 1 | 0 |
_aNotice sur un procédé nouveau pour révéler les fuites de gaz dans les appareils d'éclairage et de chauffage / _cpar Charles Fournier. |
| 260 |
_aParis : _bCh. Tanera, _c1862 ( _fimprimerie de L. Martinet) |
||
| 300 |
_a24 p., [1] h. de grab. ; _c29 cm. |
||
| 650 | 4 |
_aAparatos de gas. _9152038 |
|
| 852 |
_aES-MaACL _jT-664-F-7 |
||
| 999 |
_c54495 _d54495 |
||